| 000 | 00392nam a2200145Ia 4500 | ||
|---|---|---|---|
| 005 | 20250313091108.0 | ||
| 008 | 231217s9999 xx 000 0 und d | ||
| 020 | _a9788131202920 | ||
| 082 | _a004.36 PLA;1 | ||
| 100 | _aPlaszczak, Pawel Wellner, Richard | ||
| 245 | 0 | _aGrid computing : the savvy manager's guide | |
| 260 |
_c2006 _bElsevier _aNew Delhi |
||
| 300 | _axx+261 | ||
| 942 | _cAA | ||
| 999 |
_c179981 _d179981 |
||